000 00629nam a2200229Ia 4500
003 BUBTL
008 151213s9999 xx 000 0 und d
020 _a0-85038-778-7
082 _a658.3/ARH
100 _aMichal Armstrong
_93109
245 _aA Handbook of Personal Management Practice
_cMichal Armstrong
250 _a2nd
260 _aLondon
_bBilling
_c1984
300 _a416p . :
_bill . ; 22cm.
500 _aIncludes Index
650 _aManagement
_93110
650 _aManagement
_93110
700 _aMichal Armstrong
_93109
856 _k0
_l0
_yDownload
942 _2ddc
_cBK
999 _c1746
_d1746